La caça del senglar : una activitat regulada per controlar-ne la població : Parc Natural del Montseny una activitat regulada per controlar-ne la població :

Descripció física: 1 díptic ; 20 cm
Col·lecció: Protecció del medi

MARC

LEADER 00000nam a2200000Ia 4500
001 23748
008 160829s2012 xx 000 0 cat d
080 |a FU-62-35 
245 |a La caça del senglar :  |b  una activitat regulada per controlar-ne la població :  |b  Parc Natural del Montseny 
260 |a Barcelona :  |b Diputació de Barcelona. Àrea de Territori i Sostenibilitat. Gerència de Serveis d'Espais Naturals,  |c 2012 
300 |a 1 díptic ;  |c 20 cm 
490 |a Protecció del medi 
650 |a Senglars  |x Montseny (Massís)   
710 1 |a Girona (Catalunya : Província).  |b Diputació  |9 11479 
710 1 |a Barcelona (Catalunya : Província).  |b Diputació  |9 52408 
710 1 |a Fogars de Montclús (Catalunya).  |b Ajuntament  |9 55471 
901 |a Arxiu 
942 |n 1 
952 |0 0  |1 0  |4 0  |6 FU6235  |7 1  |9 55714  |a Arxiu  |b Arxiu  |d 2016-12-01  |l 0  |o FU-62-35  |p 23748  |r 2016-12-01 00:00:00  |w 2016-12-01  |y ARXIU 
999 |c 59587  |d 59587